000 01050nam a2200229Ia 4500
999 _c56353
_d56353
001 23466
003 GE_BSU
005 20260126201952.0
008 181216s1992||||ge |||||||||||||| ||geo||
040 _cGE_BSU
041 _ageo
080 _a94(479.22) ს-26
100 _aსანიკიძე, ლევან
_926735
245 _aდედა-ისტორია. ნაკვ. 1, ოქროს საწმისიდან ბაზალეთამდე /
_cლევან სანიკიძე ; რედ. ნესტან გუგუშვილი.
264 _aთბილისი :
_bგრაალი,
_c1992.
300 _a296 გვ. ;
_c20 სმ.
541 _h8 ლ.
653 _aდედა-ისტორია. ნაკვ. 1, ოქროს საწმისიდან ბაზალეთამდე
653 _aსაქართველოს ისტორია
700 _aგუგუშვილი, ნესტან
_eრედაქტორი
_926736
942 _cBK
_2udc